| 000 | 00496nam a2200169 a 4500 | ||
|---|---|---|---|
| 005 | 20140412111239.0 | ||
| 008 | 001115s19uu xx 00 eng d | ||
| 050 |
_aER _bBi48 1958 |
||
| 100 | _aElkin, Benjamin | ||
| 245 |
_aBig jump and other stories (The) / _cBenjamin Elkin; illustrated by Katherine Evans. |
||
| 260 |
_aCanada : _bRandom House, _c1958. |
||
| 300 | _a65 p. ; col. ; ill. | ||
| 440 | _aBeginner Books | ||
| 650 | _aDogs--Fiction | ||
| 650 | _aPet--Fiction | ||
| 999 |
_c102626 _d102626 |
||